Al Taharah (Record no. 542099)

000 -LEADER
fixed length control field 00629nam a2200217Ia 4500
020 ## - INTERNATIONAL STANDARD BOOK NUMBER
International Standard Book Number (pbk)
082 ## - DEWEY DECIMAL CLASSIFICATION NUMBER
Classification number 297
Author Mark BAD
100 ## - MAIN ENTRY--PERSONAL NAME
Personal name Badawi, Jamal A.
9 (RLIN) 37205
245 ## - TITLE STATEMENT
Title Al Taharah
260 ## - PUBLICATION, DISTRIBUTION, ETC.
Place of publication, distribution, etc. Islamabad:
Name of publisher, distributor, etc. Da'wah Academy,
Date of publication, distribution, etc. 1989
300 ## - PHYSICAL DESCRIPTION
Extent 38p.
500 ## - GENERAL NOTE
General note The language is Spanish
526 ## - STUDY PROGRAM INFORMATION NOTE
Program name 0
Interest level 0
Reading level 0
Title point value 297_000000000000000_BAD
526 ## - STUDY PROGRAM INFORMATION NOTE
Program name 0
Interest level 0
Reading level 0
Title point value 297_000000000000000_BAD
526 ## - STUDY PROGRAM INFORMATION NOTE
Program name 0
Interest level 0
Reading level 0
Title point value 297_000000000000000_BAD
526 ## - STUDY PROGRAM INFORMATION NOTE
Program name 0
Interest level 0
Reading level 0
Title point value 297_000000000000000_BAD
650 ## - SUBJECT ADDED ENTRY--TOPICAL TERM
Topical term or geographic name entry element Islamic Religious Practice
9 (RLIN) 37206
650 ## - SUBJECT ADDED ENTRY--TOPICAL TERM
Topical term or geographic name entry element MCE
9 (RLIN) 379
700 ## - ADDED ENTRY--PERSONAL NAME
Personal name Jordon, F. J. Mustafa Soheil
9 (RLIN) 37207
942 ## - ADDED ENTRY ELEMENTS (KOHA)
Source of classification or shelving scheme
Koha item type Book
Holdings
Withdrawn status Lost status Source of classification or shelving scheme Damaged status Not for loan Permanent Location Current Location Date acquired Total Checkouts Full call number Barcode Date last seen Price effective from Koha item type Date last checked out
          Military College of Engineering (MCE) Military College of Engineering (MCE) 09/20/2013   297 BAD MCE-44089 09/20/2013 09/20/2013 Book  
          Military College of Engineering (MCE) Military College of Engineering (MCE) 09/20/2013   297 BAD MCE-44086 09/20/2013 09/20/2013 Book  
          Military College of Engineering (MCE) Military College of Engineering (MCE) 09/20/2013   297 BAD MCE-44088 09/20/2013 09/20/2013 Book  
          Military College of Engineering (MCE) Military College of Engineering (MCE) 09/20/2013 1 297 BAD MCE-44087 11/05/2019 09/20/2013 Book 10/31/2019
© 2023 Central Library, National University of Sciences and Technology. All Rights Reserved.